Statistics for Norsk Monopolbrett

Click here to take the quiz!

General Stats

  • This quiz has been taken 209 times
  • The average score is 11 of 36

Answers on the Map

Answers color-coded by a green-red scale on the quiz's map according to % correct below.
 

Answer Stats

Answer% Correct
START
65%
Fengsel
60%
Gratis Parkering
58%
De settes i fengsel
51%
Kirkeveien
50%
Rådhusplassen
48%
Ullevål Hageby
44%
Parkveien
42%
Karl Johans gate
33%
Sjanse
33%
Inntektsskatt
32%
Prøv Lykken
32%
Slemdal
31%
Luksusskatt
29%
Oslo S.
29%
Bygdøy Allé
27%
Oslo Lysverker
27%
Pilestredet
27%
Skarpsno
27%
Prinsens Gate
26%
Sinsen
26%
Vannverket
26%
Gabels Gate
25%
Ringgata
24%
Nobels Gate
23%
Bryn stasjon
20%
Grorud stasjon
20%
Nedre Slottsgate
20%
Grensen
19%
Stortorget
19%
Trosterudveien
18%
Kongens gate
17%
Øvre Slottsgate
17%
Skøyen stasjon
17%
Torggata
17%
Trondheimsveien
12%

Score Distribution

Percentile by Number Answered

Percent of People with Each Score

Your Score History

You have not taken this quiz